Kick off - zahájenie projektu

Úspešná prezentácia projektu. Základné požiadavky na prezentáciu. Štruktúrovanie a spracovanie prezentácie. Empatia a kontakt s poslucháčmi. Spôsob vyjadrovania, hlasový prejav prednášateľa.

Saved in:
Bibliographic Details
Main Author: Ďurik, Martin
Format: Book Chapter
Language:Slovak
Subjects:
Tags: Add Tag
No Tags, Be the first to tag this record!

MARC

LEADER 00000nla$a2200000$$$4500
001 0142313
005 20240502072541.7
041 0 |a slo 
044 |a SK 
245 1 0 |a Kick off - zahájenie projektu  |c Martin Ďurik 
520 |a Úspešná prezentácia projektu. Základné požiadavky na prezentáciu. Štruktúrovanie a spracovanie prezentácie. Empatia a kontakt s poslucháčmi. Spôsob vyjadrovania, hlasový prejav prednášateľa. 
610 2 0 |a prezentácia 
610 2 0 |a projekty 
610 2 0 |a komunikácia 
100 1 |a Ďurik, Martin